00557nam a22001697a 450000500170000001000120001702000220002903500120005103700140006308200110007710000220008824501000011024600530021026000430026327000610030630000200036720200204124607.0 aB-29296 c90.00a818723122X aB-29296 bBPPD/Pub. a840.92 aفیاض رفعت aزندہ اپنی باتوں میں :bبیدی، عصمت اور عباس /cفیاض رفعت aZinda Apni Batoon Mein (Urdu) /bby Faiyaz Rifat aDelhibTakhleeqkar Publishersc2000 ء a104/B, Yawar manzil, I-Block, Laxmi NagarbDelhie110092 a110p.c22cm(Hb)